Movies- Conan Gray (Lyrics) - Statistics

General Stats
  • This quiz has been taken 33 times
  • The average score is 289 of 329
Answer Stats
Section Lyrics % Correct
a
100%
I
100%
(I
100%
like
100%
love
100%
Intro | Post-Chorus Movies
100%
movies
100%
(Movies
100%
movies)
100%
the
100%
want
100%
we
100%
Verse 2 We
100%
for
94%
to
94%
us
94%
you
94%
am
88%
AM
88%
AM?
88%
and
88%
And
88%
'Cause
88%
head
88%
If
88%
in
88%
Chorus In
88%
it's
88%
me
88%
my
88%
not
88%
our
88%
so
88%
Still
88%
still
88%
then
88%
We're
88%
we're
88%
what
88%
your
88%
you're
88%
ain't
82%
All
82%
all
82%
are
82%
at
82%
At
82%
baby
82%
Bridge Baby
82%
Pre-Chorus But
82%
but
82%
can't
82%
dancing
82%
dark
82%
diamond
82%
doing
82%
don't
82%
dream
82%
drive
82%
ex?"
82%
friends
82%
gave
82%
go
82%
heart
82%
jealously
82%
just
82%
key
82%
know
82%
look
82%
of
82%
on
82%
perfect
82%
ring
82%
say
82%
sweet
82%
that
82%
That
82%
That's
82%
that's
82%
They
82%
they
82%
think
82%
this
82%
through
82%
was
82%
3
76%
4
76%
apart
76%
barely
76%
believe
76%
both
76%
Built
76%
call
76%
does
76%
Friday
76%
funny
76%
hands
76%
here
76%
holding
76%
"how
76%
isn't
76%
I've
76%
looking
76%
Monday
76%
never
76%
people
76%
screaming
76%
she
76%
show
76%
spoke
76%
staying
76%
texts
76%
way
76%
why
76%
with
76%
world
76%
back
71%
been
71%
damn
71%
ever
71%
Falling
71%
fantasy
71%
fiction
71%
grow
71%
had
71%
kiss
71%
Life
71%
livin'
71%
lost
71%
off
71%
over
71%
stars
71%
under
71%
break
65%
come
65%
it'll
65%
parties
65%
pretend
65%
right
65%
seeing
65%
No matching quizzes found
Score Distribution
Percent of People with Each Score
Percentile by Number Answered
Your Score History
You have not taken this quiz